Länder mit den Meisten Wolkenkratzern - Statistiken

Allgemein
  • Dieses Quiz wurde 1.735 mal gespielt
  • Das Durchschnittsergebnis liegt bei 15 aus 21
Antwortstatistiken
# Country % Korrekt
825 Vereinigte Staaten
99%
2358 China
98%
261 Japan
94%
112 Kanada
90%
73 Indien
88%
49 Russland
88%
44 Brasilien
86%
43 Mexiko
83%
122 Australien
81%
268 Vereinigte Arabische Emirate
81%
34 Saudi-Arabien
78%
233 Südkorea
78%
105 Indonesien
75%
108 Thailand
68%
94 Singapur
65%
97 Malaysia
63%
36 Katar
61%
37 Taiwan
54%
66 Türkei
54%
92 Philippinen
51%
54 Panama
12%
Keine übereinstimmenden Quizze gefunden
Verteilung der Resultate
Anzahl Personen mit jedem Resultat
Perzentil nach korrekt beantworteten Fragen
Ihre Resultats-Entwicklung
Sie haben dieses Quiz noch nicht gespielt